Que signifient ces abréviations militaires ? (2) - Statistiques

Statistiques générales
  • Ce quiz a été pris 41 fois
  • Le résultat moyen est 6 sur 50
Statistiques - réponses
Hint Réponse % Correct
GIGN Groupe d'intervention de la gendarmerie nationale
68%
QG Quartier Général
68%
SGT Sergent
48%
MDR Militaire du rang
35%
VBL Véhicule blindé léger
35%
PA Pistolet Automatique | Point d'Appui
32%
CEMAA Chef d'état-major de l'Armée de l'air
26%
CEMAT Chef d'état-major de l'Armée de terre
23%
EVASAN Évacuation sanitaire
23%
PGHM Peloton de gendarmerie de haute montagne
23%
Gal Général
19%
ASP Aspirant
16%
BSPP Brigade de sapeurs-pompiers de Paris
16%
EVAT Engagé Volontaire de l'Armée de Terre
16%
FAMAS Fusil d'assaut de la manufacture d'armes de Saint-Étienne
16%
OPINT OPérations INTérieures
16%
SSA Service de Santé des Armées
16%
BA Bataillon de l'Air | Base aérienne | Bureau administratif
13%
FUSCO Fusilier commando
13%
BCP Bataillon de chasseurs à pied | Bataillon de chasseurs portés
10%
BFA Brigade franco-allemande
10%
DGA Direction générale de l'Armement
10%
EMIA École militaire interarmes | État-Major InterArmées
10%
EO Escadrille d'Observation | Élève-officier
10%
SNLE Sous-marin Nucléaire Lanceur d'Engins
10%
TAP Troupes AéroPortées
10%
PLD Permission Longue Duré
6%
RA Régiment d'Artillerie
6%
ABC Arme Blindée Cavalerie
3%
BP Brigade parachutiste
3%
GGM Groupement de gendarmerie mobile
3%
PG Prisonnier de guerre
3%
SNA Sous-marin Nucléaire d'Attaque | système de navigation et d'attaque
3%
AMC Automitrailleuse de Combat
0%
CF Capitaine de frégate
0%
CEFE Centre d'entraînement à la forêt équatoriale
0%
CFAT Commandement de la force d'action terrestre
0%
COMGENDRE Commandement de la gendarmerie de la Réunion
0%
COM LE Commandement de la Légion étrangère
0%
CD Confidentiel Défense
0%
CAM Contre-amiral
0%
DA Division alpine
0%
EAT École d'Application des Transmissions
0%
FASM Frégate Anti sous marine
0%
GBA Général de Brigade Aérienne | Groupe de Bombardement d'Assaut
0%
PFAT Personnel féminin de l’Armée de terre
0%
RCA Régiment de Chasseurs d'Afrique
0%
RDG Règlement de discipline générale
0%
RITA Réseau intégré des transmissions automatiques
0%
TLM Tube Lance Missiles
0%
Aucun quiz correspondant
Distribution des résultats
% des personnes avec chaque résultat
Percentile par nombre de réponses
Votre historique - résultats
Vous n’avez pas pris ce quiz